| 000 | 00761nam a2200229 a 4500 | ||
|---|---|---|---|
| 999 |
_c472 _d472 |
||
| 001 | 472 | ||
| 003 | BD-JhCC | ||
| 005 | 20200206134007.0 | ||
| 008 | 171005s2009 bg |||| |||| 000 0 ben d | ||
| 020 | _a9847009600791 | ||
| 035 | _a(BD-JhCC) 472 | ||
| 040 |
_aBD-JhCC _dBD-JhCC |
||
| 041 | _aben | ||
| 082 |
_a891.443 _bIQB 2014 |
||
| 100 | _aইকবাল, মুহম্মদ জাফর | ||
| 245 |
_aএক টুকরো লাল সবুজ কাপড় / _cমুহম্মদ জাফর ইকবাল |
||
| 260 |
_aঢাকা; _bতাম্রলিপি _c২০০৯ |
||
| 300 |
_a১২৭ পৃ.; _c২২ সে. মি. |
||
| 650 | _aBengali Novel | ||
| 942 |
_2ddc _cBK _02 |
||